Service Total Mit perfektem Dienst am Kunden die Konkurrenz schlagen

Gespeichert in:
Bibliographische Detailangaben
1. Verfasser: Davidow, William H.
Weitere Verfasser: Uttal, Bro, Binder, Sonja
Format: Buch
Sprache:Deutsch
Veröffentlicht: Frankfurt am Main Campus 1992
Ausgabe:2. Aufl.
Schlagworte:
Tags: Tag hinzufügen
Keine Tags, Fügen Sie das erste Tag hinzu!

MARC

LEADER 00000nam a2200000 4500
001 c010408
005 20221206084845.3
020 |a 3-593-34442-4 
041 0 |a ger 
044 |a DE 
245 1 0 |a Service Total  |b Mit perfektem Dienst am Kunden die Konkurrenz schlagen  |c William H. Davidow, Bro Uttal ; [Z angl. prel.] Sonja Binder 
250 |a 2. Aufl. 
264 1 |a Frankfurt am Main  |b Campus  |c 1992 
300 |a 243 s. 
610 2 0 |a servis 
610 2 0 |a služby 
610 2 0 |a zákazníci 
610 2 0 |a kvalita 
610 2 0 |a kontrola kvality 
610 2 0 |a podnik 
610 2 0 |a konkurencia 
610 2 0 |a personál 
610 2 0 |a štúdie prípadové 
100 1 |a Davidow, William H. 
700 1 |a Uttal, Bro 
700 1 |a Binder, Sonja